000 00923nam a2200277 4500
003 EG-GICUC
005 20260304001321.0
008 260304s1923 fr ||||fr|||| 00| 0 fre d
040 _aEG-GiCUC
_bfre
_cEG-GiCUC
_dEG-GiCUC
_eRda
041 0 _afre
082 0 4 _221
_a341.81
_bSA . D
092 0 4 _221
099 _aLaw1 341.81 SA . D 1923
100 1 _aSalem, Mahmoud Zaki
_eAuteur
245 1 3 _aLa doctrine de mancini :
_bsur la nationalité et son application au droit egyptien /
_cMahmoud Zaki Salem.
264 1 _aDijon :
_bImprimerie Bernigaurd er Privat,
_c1923.
300 _a269 page ;
_c 24 cm.
336 _2rda contenu
_a texte
337 _2rda medias
_aOrdinateur
338 _2 transporteur rda
_a Ressource en ligne
546 _aTexte en français
650 1 4 _aDroit international privé
856 4 0 _uhttps://fll.law.cu.edu.eg/fulltext/bks/B12-02961.pdf
905 _a30
942 _2ddc
_cBK
_e21
_n0
999 _c64837
_d64837